| 000 | 01081 a2200301 4500 | ||
|---|---|---|---|
| 005 | 20251124154022.0 | ||
| 008 | 251113b |||||||| |||| 00| 0 eng d | ||
| 020 | _a9781433836022 (hbk) | ||
| 037 | _cTB | ||
| 040 |
_aCRL _cCRL |
||
| 041 |
_2eng _aeng |
||
| 084 |
_aSN1:5-86 R3 _qCRL |
||
| 100 |
_aBehary, Wendy T. _9822245 |
||
| 245 | _aDeliberate practice in schema therapy | ||
| 260 |
_aWashington, USA: _bAmerican Psychology Association, _c2023. |
||
| 300 | _axii, 226p. | ||
| 365 |
_b43.99 _cUSD |
||
| 490 | _aEssentials of deliberate practice series | ||
| 650 |
_aPsychology _9851336 |
||
| 650 |
_aBehavior _9851337 |
||
| 650 |
_aEmotion _9851338 |
||
| 650 |
_aPsycho - Therapy _9851339 |
||
| 700 |
_aFarrell, Joan M. _eauthor. _9851340 |
||
| 700 |
_aVaz, Alezandre _eauthor. _9851341 |
||
| 700 |
_aRousmaniere, Tony _eauthor. _9851342 |
||
| 942 |
_cTB _2CC _n0 _hSN1:5-86 R3 |
||
| 999 |
_c1436022 _d1436022 |
||